1711 1978 1972 1607 1703 1521 1368 1815 1026 1850 1800 1574 1766 1568 1414 1184 1015 1601 1520 1671 1256 1815 1926 1375 1465 1752 1574 1646 1737 1305 1328 1274 1650 1331 1082 1392 1193 1964 1837 1071 1564 1565 1149 1477 1425 1036 1271 1097 1186 1091 1430 1608 1691 1743 1911 1829 1637 1613 1605 1672 1874 1783 1018 1066 1308 1474 1642 1361 1653 1860 1918 1039 1082 1340 1743 1717 1720 1761 1379 1944 1986 1426 1499 1961 1892 1716 1509 1364 1408 1277 1717 1767 1493 1175 1356 1561 1536 1970 1775 BCNSPRNW ULIB Ver.6.0+V

เปลี่ยนเป็นภาษาไทย

Change to English
 แสดงรายละเอียดบรรณานุกรม
  กลับหน้าหลัก

Brief Record : Get Marc (ISO 2709) : E-mail record : QR code < ปิดหน้าต่าง
LEADER : 00000nam 2200000uu 4500
001    13399126432
003     ULIB
008    180916s2561||||th 000 0 tha d
020    ^a9786164550384
050 04 ^aBH^bม122อ
100 0  ^aมงคล แก้วสุทัศน์
245 10 ^aอ่านก่อนแก่ ดูแลก่อนป่วย : วิถีทางห่างไกลโรค ด้วยศาสตร์ชะลอวัย
260    ^aกรุงเทพฯ :^bไทยร่มเกล้า,^c2561
300    ^a100 หน้า : ^cภาพประกอบ ; ^c21 ซม.
650  4 ^aการดูแลสุขภาพด้วยตนเอง.
945    ^p200^l0^i26634
999    ^aกัณชพร จุลอักษร
รายการนี้ยังไม่มีแท็ก
คุณยังไม่ได้ล็อกอิน คุณสามารถมีกิจกรรมร่วมกับเว็บไซต์ได้ แต่ต้องล็อกอินก่อน ::
  ล็อกอิน

รายการสื่อสารสนเทศ

ลำดับที่ ประเภท เลขเรียก/บาร์โค้ด สถานที่ สถานะ
1. วิทยาศาสตร์การแพทย์ และสุขภาพ
วิทยาศาสตร์การแพทย์ และสุขภาพ
BH ม122อ ฉ.1 
  Barcode: 26634
ห้องสมุดวิทยาเขตนครสวรรค์
►หนังสือทั่วไป:l:General Books
บนชั้น

รายการใกล้เคียง
    ชื่อเรื่อง [อ่านก่อนแก่ ดูแลก่อนป่วย : วิถีทางห่างไกลโรค ด้วยศาสตร์ชะลอวัย]

    ผู้แต่ง [มงคล แก้วสุทัศน์]

    หัวเรื่อง [การดูแลสุขภาพด้วยตนเอง.]

BibComment


ยังไม่เคยถูกคอมเมนท์

คอมเมนท์ทรัพยากรรายการนี้
  คอมเมนท์: อ่านก่อนแก่ ดูแล..


 Copyright 2026. Bcnsprnw @Library